|
|
|
|
| LEADER |
00000nam0a2200000 4500 |
| 001 |
324863 |
| 005 |
20231101023501.0 |
| 035 |
|
|
|a (RuTPU)RU\TPU\book\350474
|
| 090 |
|
|
|a 324863
|
| 100 |
|
|
|a 20161123d1973 k y0rusy50 ca
|
| 101 |
0 |
|
|a rus
|
| 102 |
|
|
|a RU
|
| 105 |
|
|
|a y z 001zy
|
| 200 |
1 |
|
|a Сераорганические соединения нефтей Урало-Поволжья и Сибири
|f Р. Д. Оболенцев, А. Я. Байкова
|g Академия наук СССР (АН СССР), Башкирский филиал, Институт химии
|
| 210 |
|
|
|a Москва
|c Наука
|d 1973
|
| 215 |
|
|
|a 264 с.
|
| 320 |
|
|
|a Библиогр.: с. 258-262
|
| 606 |
1 |
|
|a Сероорганические соединения
|2 stltpush
|3 (RuTPU)RU\TPU\subj\32545
|
| 610 |
1 |
|
|a нефти
|
| 610 |
1 |
|
|a Урало-Поволжье
|
| 610 |
1 |
|
|a Сибирь
|
| 610 |
1 |
|
|a групповой состав
|
| 610 |
1 |
|
|a методы определения
|
| 675 |
|
|
|a 661
|v 4
|
| 700 |
|
1 |
|a Оболенцев
|b Р. Д.
|g Роман Дмитриевич
|
| 701 |
|
1 |
|a Байкова
|b А. Я.
|
| 712 |
0 |
2 |
|a Академия наук СССР (АН СССР)
|b Башкирский филиал
|b Институт химии
|c (Уфа)
|2 stltpush
|3 (RuTPU)RU\TPU\col\12632
|
| 801 |
|
1 |
|a RU
|b 63413507
|c 20161123
|
| 801 |
|
2 |
|a RU
|b 63413507
|c 20220411
|g RCR
|
| 942 |
|
|
|c BK
|